| 000 | 01083nam0a2200301 4500 | ||
|---|---|---|---|
| 001 | RU\NLR\bibl\216892 | ||
| 005 | 20250619102816.0 | ||
| 010 |
_a5-87143013-9 _9500 |
||
| 021 |
_aRU _b2001-38011 _91803 |
||
| 035 | _a(NLR Aleph) 000213014 | ||
| 090 |
_a1236819 _c1236819 |
||
| 100 | _a20020103d2001 |||y0rusy50 ca | ||
| 101 | 0 |
_arus _deng |
|
| 102 | _aRU | ||
| 105 | _ay ||||||||| | ||
| 200 | 1 |
_aСтановление и перспективы развития социального партнерства в Российской Федерации _fС.Ю. Чуча |
|
| 210 |
_aМ. _cВердикт-1М _d2001 |
||
| 215 |
_a310, [1] с. _d21 |
||
| 300 | _aРез. на англ. яз. | ||
| 320 | _aБиблиогр.: с. 269-297 | ||
| 606 | 0 |
_aСоциальное партнерство _yРоссийская Федерация _92169980 _3RU\NLR\auth\661305400 |
|
| 686 | _aС550.74 | ||
| 700 | 1 |
_aЧуча _bС. Ю. _gСергей Юрьевич _4070 |
|
| 801 | 0 |
_aRU _bNLR _c20020103 _gPSBO |
|
| 801 | 1 |
_aRU _bNLR _c20020103 |
|
| 942 | _cBOOK | ||
| 980 | _aNB | ||